000 00407 a2200169 4500
001 191866
020 _a85-262-3181-2
040 _cMagnum
100 _aCompany, Mercè
240 1 0 _aAs sobrinhas da bruxa Onilda e João e Maria
_lpor
245 1 0 _aAs sobrinhas da bruxa Onilda e João e Maria
300 _a31
362 0 _a1997
440 1 _aScipione
697 _aLITERATURA INFANTO
942 _cBK
999 _c191866
_d191866